00544nam a2200169Ia 4500003000900000008004100009020001800050040001600068080002300084245012200107260003000229300001400259490005100273650001900324650001200343700001900355IN-BaIIA211028s9999 xx 000 0 eng d a1-4020-3108-4 cIIA Library a52(082.1)bASS-321 0aNonequilibrium phenomena in plasmascedited by A. S. Sharma and P. K. Kaw  aDordrechtbSpringerc2005 aix, 340p. aAstrophysics and space science library; v. 321 aNonequilibrium aPlasmas aP. K. Kaw, ed.